Una tipología de los trasplantes legales: utilizando la sociología, la historia del derecho y ejemplos argentinos para explicar el proceso de trasplante (Registro nro. 17742)

Detalles MARC
000 -LEADER
fixed length control field 00433 a2200109 4500
001 - CONTROL NUMBER
control field ART_50010
005 - DATE AND TIME OF LATEST TRANSACTION
control field 20260410161730.0
008 - FIXED-LENGTH DATA ELEMENTS--GENERAL INFORMATION
fixed length control field 260409a
100 1# - MAIN ENTRY--PERSONAL NAME
Personal name Miller, Jonathan M.
245 10 - TITLE STATEMENT
Title Una tipología de los trasplantes legales: utilizando la sociología, la historia del derecho y ejemplos argentinos para explicar el proceso de trasplante
773 0# - HOST ITEM ENTRY
Title Lecciones y ensayos
Related parts - Nº 81 (feb. 2006)
Record control number REV2658

No hay ítems disponibles.